000 01146aab a2200217 i 4500
001 768714001
003 CO-MdFUSB
005 20240618062716.0
008 240418t1986 ag ||||| |||| 00| 0 spa d
040 _bspa
_cCO-MdFUSB
041 _aspa
100 1 _aBreneman, Mervin (1930-)
_eautor
245 3 _aEl pacto y la obediencia a Dios
_c/ Mervin Breneman
300 _aVolumen 5, número 3 y 4, (diciembre, 1986), páginas: 132 - 136
_c; 27 cm
520 _aLa misión de la Iglesia es grande y completa. Si tomamos en serio toda la revelación bíblica, vemos que contiene tanto un mandato evangélico como un mandato cultural con todo lo que cada uno implica. Una parte importante de la Gran Comisión es predicar el mensaje de Dios. Además, el texto de la versión de la Gran Comisión de Marcos 16:15 dice claramente: "Id por todo el mundo y predicad el evangelio a toda criatura".
650 0 _aMisiones
_9154
650 0 _aPredicación
_954
653 _aMinisterio - enseñanza bíblica
773 0 _tIglesia y Misión
_049402
_959679
_gVolumen 5, número 3 y 4, (diciembre, 1986), páginas: 132 - 136
_qpágina: 132
942 _cANA
999 _c51674
_d51674